Šternberk in Wort und Bild /

Main Author: Kaňák, Bohdan, 1958-
Other Authors: Koudela, Miroslav, 1964-, Mracký, Jan
Language: German
Published: Olomouc : Arcus, 1996
Edition: 1. Ausg.
Physical Description: 88 s. : il. ; 24 cm
Book
Saved in:
LEADER 01426nam a2200397 a 4500
001 000082139
003 CZ BrMZK
005 20220120124150.0
007 ta
008 010907s1996 xr e 0 ger d
015 |a cnb000164966 
020 |a 80-901014-3-7 
035 |a (OCoLC)37674226 
040 |a BOA001  |b cze 
043 |a e-xr---  |b e-xr-ol  |2 czenas 
072 7 |a 908(437)  |x Vlastivěda Česka a Slovenska  |2 Konspekt  |9 8 
080 |a 94(437.325)  |2 MRF 
080 |a 908(437.325)  |2 MRF 
080 |a (082.2)  |2 MRF 
080 |a (084.12)  |2 MRF 
100 1 |a Kaňák, Bohdan,  |d 1958-  |7 jn20000401328  |4 aut 
245 1 0 |a Šternberk in Wort und Bild /  |c Bohdan Kaňák, Miroslav Koudela, Jan Mracký 
250 |a 1. Ausg. 
260 |a Olomouc :  |b Arcus,  |c 1996 
300 |a 88 s. :  |b il. ;  |c 24 cm 
500 |a Překl. z češ. - Souhrn též angl. a franc. 
541 |a Šternberk, Městský úřad 
651 7 |a Šternberk (Olomouc, Česko)  |7 ge131548  |x dějiny  |2 czenas 
651 7 |a Šternberk (Olomouc, Česko)  |7 ge131548  |x vlastivěda  |2 czenas 
655 7 |a jubilejní publikace  |7 fd131839  |2 czenas 
655 7 |a fotografické publikace  |7 fd132276  |2 czenas 
700 1 |a Koudela, Miroslav,  |d 1964-  |7 jn20000401445  |4 aut 
700 1 |a Mracký, Jan  |7 mzk2006337164  |4 aut 
910 |a BOA001  |b 2-1022.556 
990 |a BK 
996 6 |b 2610039010  |c 2-1022.556  |l MZK  |r Sklad / do 1 hodiny  |n 3  |p p.v.  |w 000082139  |u 000010  |a 1  |e BOA001  |j MZK50  |s P